ბათუმის შოთა რუსთაველის სახელმწიფო უნივერსიტეტის ბიბლიოთეკა

Основные измерения в практике радиолюбителя (ბიბ.ჩანაწერი № 48217)

000 -LEADER
fixed length control field 00674nam a2200217Ia 4500
001 - CONTROL NUMBER
control field 15099
003 - CONTROL NUMBER IDENTIFIER
control field GE_BSU
008 - FIXED-LENGTH DATA ELEMENTS--GENERAL INFORMATION
fixed length control field 181216s||||||||xx |||||||||||||| ||und||
040 ## - CATALOGING SOURCE
Transcribing agency GE_BSU
080 ## - UNIVERSAL DECIMAL CLASSIFICATION NUMBER
Universal Decimal Classification number 621.36
100 ## - MAIN ENTRY--PERSONAL NAME
Personal name Власенков, А.Т. Солдатенков,В.А.
245 ## - TITLE STATEMENT
Title Основные измерения в практике радиолюбителя
245 ## - TITLE STATEMENT
Statement of responsibility, etc. Ред.П.А.Енина
260 ## - PUBLICATION, DISTRIBUTION, ETC.
Place of publication, distribution, etc. Москва
260 ## - PUBLICATION, DISTRIBUTION, ETC.
Name of publisher, distributor, etc. Досааф
260 ## - PUBLICATION, DISTRIBUTION, ETC.
Date of publication, distribution, etc. 1971
300 ## - PHYSICAL DESCRIPTION
Extent 112стр.20см.
653 ## - INDEX TERM--UNCONTROLLED
Uncontrolled term Основные измерения в практике радиолюбителя
653 ## - INDEX TERM--UNCONTROLLED
Uncontrolled term Русский язык
942 ## - ADDED ENTRY ELEMENTS (KOHA)
Koha item type წიგნი
ეგზემპლარები
Withdrawn status Lost status Damaged status Not for loan Date acquired Barcode Date last seen Price effective from Koha item type
        2018-12-17 18280 2018-12-17 2018-12-17 წიგნი